Mistrzowie Serie D 2024/25 - nagła śmierć - Statystyki

Ogólne statystyki
  • Ten quiz został rozwiązany 9 razy
  • Średni wynik to 3 z 9
Answers on the Grid
Answers color-coded by a green-red scale on the quiz's grid according to % correct below.
Guidonia Montecelio FC
AC ChievoVerona
US Sambenedettese
FC Forlì
Siena FC
US Livorno 1915
AC Bra
Teramo Calcio
ACD Ospitaletto SSD
AC Dolomiti Bellunesi
Reggina 1914
Siracusa Calcio
Casarano Calcio
Tau Calcio Altopascio
 
Statystyki odpowiedzi
Odpowiedź % Poprawnych
US Livorno 1915
57%
US Sambenedettese
57%
AC Bra
29%
Casarano Calcio
29%
FC Forlì
29%
Guidonia Montecelio FC
29%
Siracusa Calcio
29%
AC Dolomiti Bellunesi
14%
ACD Ospitaletto SSD
14%
Nie znaleziono quizów pasujących do podanych kryteriów
Rozkład punktacji
Procent ludzi z każdym wynikiem
Percentyl według liczby udzielonych odpowiedzi
Twoja historia wyników
Nie rozwiązałeś tego quizu